Normal view
MARC view
- S. Chowdhury
Entry Personal Name
001 - CONTROL NUMBER
- control field: 3004
003 - CONTROL NUMBER IDENTIFIER
- control field: OSt
005 - DATE AND TIME OF LATEST TRANSACTION
- control field: 20200206160130.0
008 - FIXED-LENGTH DATA ELEMENTS
- fixed length control field: 200206|| aca||aabn | a|a d
040 ## - CATALOGING SOURCE
- Original cataloging agency: OSt
- Transcribing agency: OSt
100 ## - HEADING--PERSONAL NAME
- Personal name: S. Chowdhury
670 ## - SOURCE DATA FOUND
- Source citation: Work cat.: (OSt)3100: Chowdhury, S. 3002, Project Management, 1988
